| 000 | 00845cam a2200265 a 4500 | ||
|---|---|---|---|
| 001 | 4963770 | ||
| 005 | 20251030085501.0 | ||
| 008 | 970813s1998 paua b 001 0 eng c | ||
| 020 |
_a0803602340 _qalk. paper |
||
| 020 |
_a9780803602342 _q(alk. paper) |
||
| 050 | 0 | 0 |
_aRT82.8 _b.A37 1998 |
| 082 | 0 | 0 |
_a610.73/06/92 _221 |
| 245 | 0 | 0 |
_aAdvanced practice nursing : _bemphasizing common roles / _c[edited by] Christine M. Sheehy, Marianne McCarthy. |
| 260 |
_aPhiladelphia : _bF.A. Davis, _cc1998. |
||
| 300 |
_axvi, 329 p. : _bill. ; _c25 cm. |
||
| 650 | 0 | _aNurse practitioners. | |
| 650 | 0 | _aMidwives. | |
| 650 | 0 | _aNurse anesthetists. | |
| 650 | 1 | 2 | _aNurse Clinicians. |
| 650 | 1 | 2 | _aNurse Practitioners. |
| 650 | 2 | 2 | _aNurse Midwives. |
| 700 | 1 |
_aSheehy, Christine M., _d1948- |
|
| 700 | 1 |
_aMcCarthy, Marianne, _d1953- |
|
| 942 |
_2lcc _cBK _n0 |
||
| 999 |
_c7920 _d7920 |
||